01243nam a2200313Ia 4500001001200000003000800012006001900020007001500039008004100054010001700095020001500112020001800127040002100145035002100166050002800187100002400215245013400239260005100373300001400424504005100438533015200489650003300641650002500674650004500699655002900744710001700773856012600790999001300916ebr10288707CaPaEBRm u cr cn|||||||||080311s2008 ilu sb 001 0 eng d z 2008011080 z0226429784 z9780226429786 aCaPaEBRcCaPaEBR a(OCoLC)64681020014aQ172.5.C45bK449 2008eb1 aKellert, Stephen H.10aBorrowed knowledgeh[electronic resource] :bchaos theory and the challenge of learning across disciplines /cStephen H. Kellert. aChicago :bUniversity of Chicago Press,c2008. ax, 292 p. aIncludes bibliographical references and index. aElectronic reproduction.bPalo Alto, Calif. :cebrary,d2009.nAvailable via World Wide Web.nAccess may be limited to ebrary affiliated libraries. 0aChaotic behavior in systems. 0aSciencexPhilosophy. 0aInterdisciplinary approach to knowledge. 7aElectronic books.2local2 aebrary, Inc.40uhttp://site.ebrary.com/lib/rucke/Doc?id=10288707zAn electronic book accessible through the World Wide Web; click to view c533d533